| 000 | 006020000a22001810004500 | ||
|---|---|---|---|
| 003 | MACL | ||
| 005 | 20160202160925.0 | ||
| 008 | 160202b xxu||||| |||| 00| 0 eng d | ||
| 040 |
_aMACL _cएस. चन्द कम्पानी |
||
| 041 | _aHindi | ||
| 082 | _a300 | ||
| 100 |
_aसचदेव डा. आर _936473 |
||
| 245 | _aसमाजशास्त्र के सिद्धान्त | ||
| 260 |
_bकिताब महल _c2009 _aइलाहाबाद |
||
| 350 | _a295 | ||
| 650 |
_aसमाज शास्त्र _936356 |
||
| 942 |
_cHIN _k300 _2ddc |
||
| 999 |
_c45603 _d45603 |
||